00499 2200181 4500001002100000005001500021035002500036008004100061245004100102100001700143260003500160300003000195020002200225082001100247084001700258650003000275990001200305INLIS00000000000033520241105095145 a0010-062400000000335241105 | 1 aTernyata Rokok Haram /cGhufron Maba0 aGhufron maba aJakarta :bJava Pustaka,c2008 aix, 148 halaman ;c23 cm. a978-979-1121-68-2 a297.27 a297.27 GHU t 4aIslam and Social Sciences a0000524